World cup 2003 top of the Charts (Record no. 342303)

000 -LEADER
fixed length control field 00413nam a22001337a 4500
020 ## - INTERNATIONAL STANDARD BOOK NUMBER
International Standard Book Number 9698893016
082 ## - DEWEY DECIMAL CLASSIFICATION NUMBER
Classification number 796.358
100 ## - MAIN ENTRY--PERSONAL NAME
Personal name Khalid Mahmood
245 ## - TITLE STATEMENT
Title World cup 2003 top of the Charts
260 ## - PUBLICATION, DISTRIBUTION, ETC.
Place of publication, distribution, etc. Karachi
Name of publisher, distributor, etc. Jumbo publishing
Date of publication, distribution, etc. 2008
300 ## - PHYSICAL DESCRIPTION
Extent 186
942 ## - ADDED ENTRY ELEMENTS (KOHA)
Koha item type Book
Holdings
Withdrawn status Lost status Source of classification or shelving scheme Damaged status Not for loan Collection code Permanent Location Current Location Shelving location Date acquired Total Checkouts Full call number Barcode Date last seen Price effective from Koha item type
            Institute of Environmental Science and Engineering (IESE) Institute of Environmental Science and Engineering (IESE) General Stacks 12/18/2017   796.358 MAH IESE-3834 12/18/2017 12/18/2017 Book
© 2023 Central Library, National University of Sciences and Technology. All Rights Reserved.